=LDR 00000nam 2200000 4500 =001 INLIS000000000027952 =005 20130612130306 =008 ***********************************Ind** =035 ##$$0010-061300000027952 =041 ##$$a Ind =082 ##$$a 643.6 =090 ##$$a 643.6, Dar p =100 ##$$a Daryanto =245 ##$$a Perawatan alat rumah tangga, Daryanto ; Editor, Herni Rahayu =260 ##$$a 2002 $b Semarang =300 ##$$a vi, 134 hlm, ilus, 21 cm =650 ##$$a Alat Rumah Tangga, Perawatan =700 ##$$a Rahayu, Herni =850 ##$$a NBPNMAT